Loading...

Bioinformatics

Introduction Evolution of Computers Biological Macromolecules Basic Techniques in Bioinformatics Biological Databases Sequence Alignment Multiple Sequence Alignments Computational Gene Prediction Proteomics Genomics Latest Information Covers Basics of Computers Includes Programming Languages Emphasi...

Full description

Bibliographic Details
Main Author: Prakash S Lohar
Format: Printed Book
Published: Chennai MJP 2019
Subjects:
LEADER 00877nam a22001577a 4500
999 |c 58948  |d 58948 
020 |a 978818094668 
082 |a 570.285  |b PRA/B 
100 |a Prakash S Lohar  
245 |a Bioinformatics 
260 |a Chennai  |b MJP  |c 2019 
300 |a 580p. 
520 |a Introduction Evolution of Computers Biological Macromolecules Basic Techniques in Bioinformatics Biological Databases Sequence Alignment Multiple Sequence Alignments Computational Gene Prediction Proteomics Genomics Latest Information Covers Basics of Computers Includes Programming Languages Emphasis on Techniques Elaborative Style Many Web Resources and URLs Review Questions Glossary References Index. 
650 |a Bioinformatics  |a Biological Databases 
942 |c BK 
952 |0 0  |1 0  |4 0  |6 570_285000000000000_PRA_B  |7 0  |9 66051  |a KUCL  |c Stack  |d 2020-07-14  |g 950.00  |l 0  |o 570.285 PRA/B  |p 50603  |r 2020-07-14  |w 2020-07-14  |y BK